Quick Pick: Science Fiction and Fantasy Novels Quiz Stats

 Plays Quiz Updated Sep 9, 2016

Challenge
Share
Tweet
Embed
Score 0/20 Timer 01:00
2 Plays Today
% Correct
Hitchhiker's
81.6%
Phoenix
81.1%
Brave
78.9%
Fellowship
77.8%
Cradle
72%
Electric
69.7%
Something
69.5%
Watership
69.5%
Legend
65.7%
Wicked
65.6%
% Correct
Troopers
62.8%
Kings
56.7%
Dawn
55.4%
Last
45.8%
American
38.7%
Darkness
29.9%
Leibowitz
28.3%
Name
26.1%
Snow
21.4%
Forever
21.2%

Today's Daily Dose

Missing Word
US Newspapers

Word Ladder
Shawn Mendes

On This Day
October 18th II

You're not logged in!

Compare scores with friends on all Sporcle quizzes.
Join for Free
OR
Log In

You Might Also Like...

Show Comments

Extras

Top Quizzes Today


Score Distribution

Your Account Isn't Verified!

In order to create a playlist on Sporcle, you need to verify the email address you used during registration. Go to your Sporcle Settings to finish the process.

Report this User

Report this user for behavior that violates our Community Guidelines.

Details: